000 00595nam a2200205Ia 4500
003 GCL
008 140319s9999 xx 000 0 eng d
040 _aGCL /
_cGCL
082 0 4 _a810.912
_bT A
100 1 _aTHAMES, BROOK
245 1 0 _aAMERICAN LITERARY REALISM AND THE FAILED PROMISE OF CONTRACT /
_cTHAMES, BROOK
260 _a[S.N] :
_bUNIVERSITY OF CALIFORNIA PRESS ،
_c1997
300 _a359 P
650 0 4 _aLITERATURE
650 0 4 _aPROMISE IN LITERATURE
650 0 4 _aCONTRACTS IN LITERATURE
650 0 4 _aLAW - LITERATURE
650 0 4 _aREALISM IN LITERATURE
942 _2ddc
_cBK
999 _c13808
_d13808